SABISTON TB. OF SURGERU THE BIOLOGICAL BASIS OF MODERN SURGICAL PRACTICE (Record no. 25100)

MARC details
000 -LEADER
fixed length control field 00491nam a22001697a 4500
003 - CONTROL NUMBER IDENTIFIER
control field SGT
020 ## - INTERNATIONAL STANDARD BOOK NUMBER
International Standard Book Number 9780323640633
082 ## - DEWEY DECIMAL CLASSIFICATION NUMBER
Classification number 617
Item number S22T
100 ## - MAIN ENTRY--PERSONAL NAME
Personal name TOWNSEND, COURTNEY M.
245 ## - TITLE STATEMENT
Title SABISTON TB. OF SURGERU THE BIOLOGICAL BASIS OF MODERN SURGICAL PRACTICE
250 ## - EDITION STATEMENT
Edition statement 21ST
260 ## - PUBLICATION, DISTRIBUTION, ETC. (IMPRINT)
Place of publication, distribution, etc MISSOURI
Name of publisher, distributor, etc ELSEVIER PUB
Year of Publication 2022
300 ## - PAGE DESCRIPTION
No. of Pages 2147
650 ## - SUBJECT ADDED ENTRY--TOPICAL TERM
Topical term or geographic name as entry element GENERAL SURGERY
653 ## - KEYWORDS--INDEX TERM
Keyword term SABISTON TB. OF SURGERU THE BIOLOGICAL BASIS OF MODERN SURGICAL PRACTICE
942 ## - ADDED ENTRY ELEMENTS (KOHA)
Source of classification or shelving scheme Dewey Decimal Classification
Koha item type Books
Holdings
Withdrawn status Lost status Source of classification or shelving scheme Damaged status Not for loan Collection code Home library Current library Shelving location Date acquired Vendor Name Cost, normal purchase price SGTU Bill Number Total Checkouts Full call number Accession No. (Barcode) Date last seen Bill Date Koha item type
    Dewey Decimal Classification   Not For Loan MEDICAL SGT Medical Library SGT Medical Library Reference Book 30/09/2023 ABC DELHI 9645.00 SGTU 17259   617 S22T FM13855 30/09/2023 18/08/2023 Books